000 00297nam a22001337a 4500
008 170511b xxu||||| |||| 00| 0 eng d
020 _a0406946728
041 _aeng
080 _26 ED
_a34
100 _a15
101 _aSHJ
245 _aAN IINTRODUCTION TO LAW
_cHARRIS.P
942 _2udc
_cBK
999 _c13076
_d13076